[Event "Novi Sad Serbian op"]
[Site "Novi Sad"]
[Date "2016.11.13"]
[Round "9"]
[White "Stoiljkovic, Stefan L"]
[Black "Jovancev, Orce"]
[Result "1-0"]
[WhiteElo "2029"]
[BlackElo "1637"]
[PlyCount "33"]
[EventDate "2016.11.06"]
[EventType "swiss"]
[EventRounds "9"]
[EventCountry "SRB"]
[SourceTitle "CBM 175 Extra"]
[Source "ChessBase"]
[SourceDate "2016.12.12"]
[SourceVersion "1"]
[SourceVersionDate "2016.12.12"]
[SourceQuality "1"]

1. e4 d5 2. exd5 Qxd5 3. d4 Nc6 4. Be3 Nf6 5. c4 Qa5+ 6. Nc3 Bg4 7. Be2 Bxe2 8. Ngxe2 Ne4 9. 0-0 Nxc3 10. Nxc3 e6 11. Qg4 Ne7 12. Nb5 a6 13. b4 Qb6 14. d5 c5 15. bxc5 Qd8 16. Nd6+ Kd7 17. Nxf7 1-0

[Event "Novi Sad Serbian op"]
[Site "Novi Sad"]
[Date "2016.11.06"]
[Round "1"]
[White "Sredojevic, Ivan"]
[Black "Stoiljkovic, Stefan L"]
[Result "1-0"]
[WhiteElo "2366"]
[BlackElo "2029"]
[PlyCount "65"]
[EventDate "2016.11.06"]
[EventType "swiss"]
[EventRounds "9"]
[EventCountry "SRB"]
[SourceTitle "CBM 175 Extra"]
[Source "ChessBase"]
[SourceDate "2016.12.12"]
[SourceVersion "1"]
[SourceVersionDate "2016.12.12"]
[SourceQuality "1"]

1. Nf3 d5 2. g3 Nf6 3. Bg2 g6 4. 0-0 Bg7 5. d3 0-0 6. Nbd2 Re8 7. e4 e5 8. Re1 d4 9. Nc4 Nbd7 10. a4 b6 11. Nh4 Ba6 12. Bd2 Qe7 13. f4 Bxc4 14. dxc4 a5 15. f5 Rad8 16. Qf3 Nc5 17. Ra3 Nfd7 18. Qf2 g5 19. f6 Qxf6 20. Rf3 Qe6 21. Bxg5 f6 22. Bc1 Nb7 23. b3 Nd6 24. Qe2 Nc5 25. Rf2 d3 26. cxd3 Nxb3 27. Be3 Nb7 28. Nf5 N7c5 29. Qg4 Rd7 30. Bh6 Ree7 31. Bh3 Kf8 32. Qh4 Qg8 33. Nxe7 1-0

[Event "Nis Svetosavski op 4th"]
[Site "Nis"]
[Date "2014.02.21"]
[Round "1"]
[White "Stoiljkovic, Stefan L"]
[Black "Perunovic, Miodrag"]
[Result "0-1"]
[WhiteElo "1993"]
[BlackElo "2407"]
[PlyCount "40"]
[EventDate "2014.02.21"]
[EventType "swiss"]
[EventRounds "5"]
[EventCountry "SRB"]
[SourceTitle "CBM 159 Extra"]
[Source "ChessBase"]
[SourceDate "2014.04.24"]
[SourceVersion "1"]
[SourceVersionDate "2014.04.24"]
[SourceQuality "1"]

1. e4 e6 2. d4 d5 3. exd5 exd5 4. Bd3 c5 5. dxc5 Bxc5 6. h3 Nf6 7. Nf3 0-0 8. 0-0 Nc6 9. Bg5 h6 10. Bh4 Re8 11. Nc3 g5 12. Nxg5 hxg5 13. Bxg5 Ne5 14. Re1 Bxf2+ 15. Kxf2 Nfg4+ 16. hxg4 Qxg5 17. Bf5 Bxf5 18. gxf5 Ng4+ 19. Kf3 Nh2+ 20. Kf2 Qf4+ 0-1

[Event "SRB-chT2 South"]
[Site "Nis"]
[Date "2013.10.18"]
[Round "3.4"]
[White "Stoiljkovic, Stefan L"]
[Black "Stojiljkovic, Zivojin"]
[Result "1-0"]
[WhiteElo "1997"]
[BlackElo "1991"]
[PlyCount "193"]
[EventDate "2013.10.17"]
[EventType "team-swiss"]
[EventRounds "8"]
[EventCountry "SRB"]
[SourceTitle "EXT 2014"]
[Source "ChessBase"]
[SourceDate "2013.11.20"]
[SourceVersion "1"]
[SourceVersionDate "2013.11.20"]
[SourceQuality "1"]

1. e4 e5 2. Nf3 Nc6 3. d4 exd4 4. Nxd4 d6 5. Nc3 Nf6 6. Bb5 Bd7 7. Nxc6 bxc6 8. Ba6 Be7 9. 0-0 0-0 10. Qe2 Re8 11. Bb7 Rb8 12. Qa6 c5 13. Nd5 Nxd5 14. exd5 Bf6 15. c3 Bc8 16. Bxc8 Qxc8 17. Qd3 Qg4 18. f3 Qh4 19. Rb1 Be5 20. f4 Bf6 21. Be3 Qg4 22. Rf3 Qd7 23. b3 c6 24. Rh3 g6 25. Rf1 Bg7 26. f5 cxd5 27. f6 Bh8 28. Qxd5 Re5 29. Qd2 Qe6 30. Bf4 Rd5 31. Qe3 Re8 32. Bg5 Re5 33. Qd2 Re2 34. Qf4 Qd5 35. Rhf3 R8e4 36. Qg3 Re6 37. c4 Qd4+ 38. Kh1 Qb2 39. Rf5 R2e4 40. R5f2 Re2 41. Qf3 Re8 42. Qc6 Qe5 43. Rxe2 Qxe2 44. Kg1 Qe6 45. Bh4 Rf8 46. Qd5 Qe3+ 47. Bf2 Qe6 48. Bh4 h6 49. Qxe6 fxe6 50. Rd1 g5 51. Bf2 Bxf6 52. Rxd6 Rd8 53. Rxd8+ Bxd8 54. Bxc5 a6 55. b4 Kf7 56. Kf2 Ke8 57. Kf3 Kd7 58. Ke4 h5 59. h3 Bf6 60. g4 hxg4 61. hxg4 Kc6 62. Bd4 Be7 63. Bc3 Kd7 64. a4 Bd8 65. c5 Be7 66. Be5 a5 67. bxa5 Bxc5 68. Bd4 Bd6 69. a6 Kc6 70. a7 Kb7 71. a5 Bc7 72. Bb6 Bd6 73. a6+ Ka8 74. Be3 Be7 75. Ke5 Bc5 76. Bd4 Be7 77. Ke4 Bd8 78. Be3 Bf6 79. Kd3 Bd8 80. Kc4 Bf6 81. Kb5 Be7 82. Kc6 e5 83. Kd5 Bd8 84. Kxe5 Bb6 85. Bd4 Bd8 86. Kd6 Bb6 87. Bf6 Kxa7 88. Bxg5 Kxa6 89. Ke6 Bd4 90. Bf4 Kb6 91. g5 Kc6 92. g6 Bg7 93. Kf7 Bd4 94. Bg5 Kd7 95. Bf6 Bxf6 96. Kxf6 Ke8 97. g7 1-0

[Event "SRB-ch U18"]
[Site "Kragujevac"]
[Date "2011.04.28"]
[Round "7"]
[White "Farkas, Sandor I"]
[Black "Stoiljkovic, Stefan L"]
[Result "0-1"]
[WhiteElo "1716"]
[BlackElo "1955"]
[PlyCount "36"]
[EventDate "2011.04.24"]
[EventType "swiss"]
[EventRounds "9"]
[EventCountry "SRB"]
[SourceTitle "CBM 142 Extra"]
[Source "ChessBase"]
[SourceDate "2011.06.27"]
[SourceVersion "1"]
[SourceVersionDate "2011.06.27"]
[SourceQuality "1"]

1. e4 c5 2. Nf3 Nc6 3. d4 cxd4 4. Nxd4 g6 5. Nc3 Bg7 6. Be3 Nf6 7. f3 0-0 8. Qd2 d5 9. exd5 Nxd5 10. Nxc6 bxc6 11. Bd4 Re8 12. Bxg7 Kxg7 13. 0-0-0 Bb7 14. h4 e5 15. h5 Nf4 16. Qe3 Qg5 17. hxg6 hxg6 18. Ne4 Ne2+ 0-1

[Event "SRB-ch U18"]
[Site "Kragujevac"]
[Date "2011.04.27"]
[Round "5"]
[White "Stoiljkovic, Stefan L"]
[Black "Poleksic, Petar"]
[Result "1-0"]
[WhiteElo "1955"]
[BlackElo "1635"]
[PlyCount "63"]
[EventDate "2011.04.24"]
[EventType "swiss"]
[EventRounds "9"]
[EventCountry "SRB"]
[SourceTitle "CBM 142 Extra"]
[Source "ChessBase"]
[SourceDate "2011.06.27"]
[SourceVersion "1"]
[SourceVersionDate "2011.06.27"]
[SourceQuality "1"]

1. e4 e5 2. d4 exd4 3. Qxd4 Nc6 4. Qe3 Nf6 5. Nc3 Bb4 6. Bd2 0-0 7. 0-0-0 d6 8. h4 Qe7 9. f3 a5 10. h5 Be6 11. a3 Bxc3 12. Bxc3 Rfb8 13. Bb5 Na7 14. h6 g6 15. Qg5 Nxb5 16. Bxf6 Qe8 17. Be7 f6 18. Bxf6 Na7 19. Ne2 Nc6 20. Nf4 Bf7 21. Nd5 Bxd5 22. exd5 Ne5 23. Rhe1 Qd7 24. Bxe5 dxe5 25. Rxe5 Re8 26. Rde1 Rxe5 27. Qxe5 Rf8 28. Qe6+ Qxe6 29. Rxe6 Rf5 30. Re8+ Kf7 31. Rh8 Rxd5 32. Rxh7+ 1-0

[Event "SRB-ch U18"]
[Site "Kragujevac"]
[Date "2011.04.25"]
[Round "2"]
[White "Stoiljkovic, Stefan L"]
[Black "Nikolic, Stefan"]
[Result "1/2-1/2"]
[WhiteElo "1955"]
[BlackElo "1874"]
[PlyCount "34"]
[EventDate "2011.04.24"]
[EventType "swiss"]
[EventRounds "9"]
[EventCountry "SRB"]
[SourceTitle "CBM 142 Extra"]
[Source "ChessBase"]
[SourceDate "2011.06.27"]
[SourceVersion "1"]
[SourceVersionDate "2011.06.27"]
[SourceQuality "1"]

1. e4 c5 2. c4 Nc6 3. g3 g6 4. Bg2 Bg7 5. Nc3 e5 6. Nge2 Nge7 7. 0-0 a6 8. d3 Nd4 9. a4 Qb6 10. a5 Qc7 11. Bd2 d6 12. Na4 Be6 13. Nb6 Rb8 14. Nxd4 cxd4 15. b4 0-0 16. Qa4 Qc6 17. f4 f5 1/2-1/2

[Event "SRB-ch U18"]
[Site "Kragujevac"]
[Date "2011.04.24"]
[Round "1"]
[White "Nestorovic, Lazar"]
[Black "Stoiljkovic, Stefan L"]
[Result "1-0"]
[WhiteElo "2357"]
[BlackElo "1955"]
[PlyCount "41"]
[EventDate "2011.04.24"]
[EventType "swiss"]
[EventRounds "9"]
[EventCountry "SRB"]
[SourceTitle "CBM 142 Extra"]
[Source "ChessBase"]
[SourceDate "2011.06.27"]
[SourceVersion "1"]
[SourceVersionDate "2011.06.27"]
[SourceQuality "1"]

1. e4 c5 2. Nf3 Nc6 3. Bb5 e6 4. Bxc6 bxc6 5. e5 Ne7 6. 0-0 Nf5 7. d3 Be7 8. Nc3 0-0 9. Ne4 Ba6 10. Re1 Qb6 11. Qd2 f6 12. exf6 gxf6 13. Qf4 Bc8 14. Qg4+ Kh8 15. Qh5 d5 16. Ng3 Nxg3 17. hxg3 Bd7 18. Bh6 Rg8 19. Ne5 Be8 20. Nf7+ Bxf7 21. Qxf7 1-0